| 000 | 00577nam a2200193 i 4500 | ||
|---|---|---|---|
| 001 | 147362 | ||
| 003 | ES-MaACL | ||
| 005 | 20231227163852.0 | ||
| 007 | t| | ||
| 008 | 070928s1951 sp ||||1| spa d | ||
| 080 | _a86-4"19" | ||
| 100 | 1 |
_aUnamuno, Miguel de, _d1864-1936 _9111982 |
|
| 245 | 1 | 0 |
_aEnsayos / _cMiguel de Unamuno ; prólogo y notas de Bernardo G. de Candamo. |
| 260 |
_aMadrid : _bAguilar, _c1951. |
||
| 300 |
_a2 v. : _bil. ; _c15 cm. |
||
| 700 | 1 |
_aCandamo, Bernardo G. de, _d1881-1967 _934440 |
|
| 852 |
_aES-MaACL _jC-23438-39 |
||
| 999 |
_c147362 _d147362 |
||